[Event "GER-ch47 sf04 email"]
[Site "GER email"]
[Date "2015.04.11"]
[Round "?"]
[White "Schmidt, Theo"]
[Black "Pasierb, Siegmund"]
[Result "1/2-1/2"]
[WhiteElo "2143"]
[BlackElo "2208"]
[PlyCount "49"]
[EventDate "2015.??.??"]
[EventType "tourn (corr)"]
[EventRounds "8"]
[EventCountry "GER"]
[SourceTitle "Corr 2020"]
[Source "ChessBase"]
[SourceDate "2019.09.30"]
[SourceVersion "1"]
[SourceVersionDate "2019.09.30"]
[SourceQuality "1"]

1. e4 c5 2. Nf3 Nc6 3. d4 cxd4 4. Nxd4 Nf6 5. Nc3 e5 6. Ndb5 d6 7. Bg5 a6 8. Na3 b5 9. Nd5 Be7 10. Bxf6 Bxf6 11. c4 b4 12. Nc2 0-0 13. g3 a5 14. h4 Be6 15. Bg2 g6 16. Qd3 h5 17. 0-0 Bg7 18. b3 Rb8 19. Rfd1 Kh7 20. a3 bxa3 21. Rxa3 Rb7 22. Nce3 Qb8 23. Rb1 Bh6 24. Nf5 Bxd5 25. Nxh6 1/2-1/2

[Event "GER M03-A email"]
[Site "GER email"]
[Date "2014.06.01"]
[Round "?"]
[White "Isigkeit, Hans Juergen"]
[Black "Pasierb, Siegmund"]
[Result "1/2-1/2"]
[WhiteElo "2371"]
[BlackElo "2376"]
[PlyCount "93"]
[EventDate "2014.??.??"]
[EventType "tourn (corr)"]
[EventRounds "14"]
[EventCountry "GER"]
[SourceTitle "Corr 2017"]
[Source "ChessBase"]
[SourceDate "2017.09.19"]
[SourceVersion "1"]
[SourceVersionDate "2017.09.19"]
[SourceQuality "1"]

1. d4 Nf6 2. c4 e6 3. Nc3 Bb4 4. e3 0-0 5. Bd3 d5 6. Nf3 c5 7. 0-0 Nc6 8. a3 Bxc3 9. bxc3 Qc7 10. Bb2 Re8 11. Rc1 Na5 12. Nd2 dxc4 13. Nxc4 Nxc4 14. Bxc4 Bd7 15. Re1 Rac8 16. Bf1 e5 17. e4 c4 18. d5 Qb6 19. Rb1 Qa6 20. Qe2 Ba4 21. Bc1 Nd7 22. Be3 Bb3 23. g3 Nc5 24. f3 Qd6 25. Bg2 Rcd8 26. Rf1 b6 27. Bh3 a5 28. Bg2 f5 29. Rf2 a4 30. Bh3 g6 31. exf5 Qxd5 32. Bg5 Nd3 33. Bxd8 Nxf2 34. Qxf2 Qxd8 35. Re1 Qf6 36. fxg6 hxg6 37. Qe3 Kg7 38. f4 Qd6 39. fxe5 Qxa3 40. Qxb6 Qe7 41. Bg2 a3 42. Be4 Qe6 43. Qa7+ Re7 44. Qxa3 Qxe5 45. Qa6 Re6 46. Qa7+ Re7 47. Qb6 1/2-1/2

[Event "GER M03-A email"]
[Site "GER email"]
[Date "2014.06.01"]
[Round "?"]
[White "Kloster, Josef"]
[Black "Pasierb, Siegmund"]
[Result "1/2-1/2"]
[WhiteElo "2399"]
[BlackElo "2376"]
[PlyCount "69"]
[EventDate "2014.??.??"]
[EventType "tourn (corr)"]
[EventRounds "14"]
[EventCountry "GER"]
[SourceTitle "Corr 2017"]
[Source "ChessBase"]
[SourceDate "2017.09.19"]
[SourceVersion "1"]
[SourceVersionDate "2017.09.19"]
[SourceQuality "1"]

1. e4 c5 2. Nf3 Nc6 3. d4 cxd4 4. Nxd4 Nf6 5. Nc3 e5 6. Ndb5 d6 7. Bg5 a6 8. Na3 b5 9. Nd5 Be7 10. Bxf6 Bxf6 11. c3 Bg5 12. Nc2 0-0 13. a4 bxa4 14. Rxa4 a5 15. Bc4 Rb8 16. Ra2 Kh8 17. Nce3 Bxe3 18. Nxe3 Ne7 19. 0-0 f5 20. exf5 Nxf5 21. Bd5 Qc7 22. Qd2 Nxe3 23. Qxe3 Ba6 24. Rfa1 Bc4 25. Bxc4 Qxc4 26. Qd2 Qb3 27. h3 Qb6 28. b3 Qxb3 29. Qxd6 Qxc3 30. Rxa5 e4 31. Qe5 Qxe5 32. Rxe5 Rb2 33. Rf5 Kg8 34. Rxf8+ Kxf8 35. Ra4 1/2-1/2

[Event "GER M03-A email"]
[Site "GER email"]
[Date "2014.06.01"]
[Round "?"]
[White "Pasierb, Siegmund"]
[Black "Boehme, Sebastian"]
[Result "1/2-1/2"]
[WhiteElo "2376"]
[BlackElo "2320"]
[PlyCount "60"]
[EventDate "2014.??.??"]
[EventType "tourn (corr)"]
[EventRounds "14"]
[EventCountry "GER"]
[SourceTitle "Corr 2022"]
[Source "ChessBase"]
[SourceDate "2021.10.24"]
[SourceVersion "1"]
[SourceVersionDate "2021.10.24"]
[SourceQuality "1"]

1. e4 e5 2. Nf3 Nc6 3. Bb5 Nf6 4. 0-0 Nxe4 5. d4 Nd6 6. Bxc6 dxc6 7. dxe5 Nf5 8. Qxd8+ Kxd8 9. Nc3 Be7 10. Bg5 Bxg5 11. Nxg5 Ke7 12. Rad1 h6 13. Nge4 b6 14. h3 Ba6 15. Rfe1 g5 16. Nf6 Rad8 17. Nce4 Bc8 18. Ng4 a5 19. f3 Rxd1 20. Rxd1 Nh4 21. Nef6 Bxg4 22. hxg4 Ng6 23. Rd7+ Ke6 24. Rxc7 Nxe5 25. Ne4 Rd8 26. Kf2 Rd1 27. Rc8 Kd7 28. Rb8 Rc1 29. Ke3 Ke7 30. c3 Re1+ 1/2-1/2

[Event "GER M03-A email"]
[Site "GER email"]
[Date "2014.06.01"]
[Round "?"]
[White "Pasierb, Siegmund"]
[Black "Dunlop, Gordon"]
[Result "1/2-1/2"]
[WhiteElo "2376"]
[BlackElo "2407"]
[PlyCount "67"]
[EventDate "2014.??.??"]
[EventType "tourn (corr)"]
[EventRounds "14"]
[EventCountry "GER"]
[SourceTitle "Corr 2017"]
[Source "ChessBase"]
[SourceDate "2017.09.19"]
[SourceVersion "1"]
[SourceVersionDate "2017.09.19"]
[SourceQuality "1"]

1. e4 e5 2. Nf3 Nc6 3. Bb5 a6 4. Ba4 Nf6 5. 0-0 Be7 6. Re1 b5 7. Bb3 0-0 8. h3 Bb7 9. d3 d5 10. exd5 Nxd5 11. Nxe5 Nd4 12. Bd2 c5 13. Nc3 Nxb3 14. axb3 Nb4 15. Ne4 Qd5 16. Nf3 Rfe8 17. Bxb4 cxb4 18. c4 bxc3 19. bxc3 f5 20. Ng3 Bf6 21. Rxe8+ Rxe8 22. d4 f4 23. Nf1 Qf5 24. Rc1 h5 25. b4 g6 26. c4 Bxf3 27. Qxf3 Bxd4 28. Nd2 Bb2 29. Rd1 Bf6 30. c5 Qc2 31. Nf1 Qe4 32. Qa3 Re6 33. Rd6 Rxd6 34. cxd6 1/2-1/2

[Event "GER M03-A email"]
[Site "GER email"]
[Date "2014.06.01"]
[Round "?"]
[White "Pasierb, Siegmund"]
[Black "Heinke, Richard"]
[Result "1/2-1/2"]
[WhiteElo "2376"]
[BlackElo "2364"]
[PlyCount "58"]
[EventDate "2014.??.??"]
[EventType "tourn (corr)"]
[EventRounds "14"]
[EventCountry "GER"]
[SourceTitle "Corr 2017"]
[Source "ChessBase"]
[SourceDate "2017.09.19"]
[SourceVersion "1"]
[SourceVersionDate "2017.09.19"]
[SourceQuality "1"]

1. e4 c5 2. Nf3 d6 3. d4 cxd4 4. Nxd4 Nf6 5. Nc3 a6 6. Be3 e6 7. f3 b5 8. Qd2 Nbd7 9. g4 b4 10. Nce2 h6 11. 0-0-0 Qc7 12. h4 d5 13. Bf4 e5 14. Bh2 dxe4 15. g5 hxg5 16. hxg5 Rxh2 17. Rxh2 exd4 18. Rh4 Ng4 19. Rxg4 Nc5 20. Rh4 d3 21. Nd4 Bb7 22. Rh8 0-0-0 23. Kb1 dxc2+ 24. Qxc2 exf3 25. Qd2 Be4+ 26. Ka1 Qb6 27. Qe3 Kb7 28. Rh4 Bd5 29. Nc2 Ne6 1/2-1/2

[Event "GER M03-A email"]
[Site "GER email"]
[Date "2014.06.01"]
[Round "?"]
[White "Tesic, Zdravko"]
[Black "Pasierb, Siegmund"]
[Result "1/2-1/2"]
[WhiteElo "2411"]
[BlackElo "2376"]
[PlyCount "51"]
[EventDate "2014.??.??"]
[EventType "tourn (corr)"]
[EventRounds "14"]
[EventCountry "GER"]
[SourceTitle "Corr 2017"]
[Source "ChessBase"]
[SourceDate "2017.09.19"]
[SourceVersion "1"]
[SourceVersionDate "2017.09.19"]
[SourceQuality "1"]

1. e4 c5 2. Nf3 Nc6 3. d4 cxd4 4. Nxd4 Nf6 5. Nc3 e5 6. Ndb5 d6 7. Bg5 a6 8. Na3 b5 9. Nd5 Be7 10. Bxf6 Bxf6 11. c3 Bg5 12. Nc2 0-0 13. a4 bxa4 14. Rxa4 a5 15. Bc4 Rb8 16. Ra2 Kh8 17. Nce3 Bxe3 18. Nxe3 Ne7 19. 0-0 f5 20. exf5 Nxf5 21. Nd5 Bb7 22. b3 Rc8 23. Qd3 Rc5 24. h3 g6 25. Rd1 Qc8 26. Qd2 1/2-1/2

[Event "GER-ch44 V08 email"]
[Site "GER email"]
[Date "2012.04.25"]
[Round "?"]
[White "Kraft, Dieter"]
[Black "Pasierb, Siegmund"]
[Result "1/2-1/2"]
[WhiteElo "2206"]
[BlackElo "2218"]
[PlyCount "75"]
[EventDate "2012.04.30"]
[EventType "tourn (corr)"]
[EventRounds "12"]
[EventCountry "GER"]
[SourceTitle "Corr 2015"]
[Source "ChessBase"]
[SourceDate "2015.07.17"]
[SourceVersion "1"]
[SourceVersionDate "2015.07.17"]
[SourceQuality "1"]

1. e4 c5 2. Nf3 Nc6 3. d4 cxd4 4. Nxd4 e5 5. Nb5 d6 6. N1c3 a6 7. Na3 Be7 8. Be3 Nf6 9. Nc4 b5 10. Nb6 Rb8 11. Nxc8 Qxc8 12. Bd3 0-0 13. 0-0 Bd8 14. a4 b4 15. Ne2 Bb6 16. Ng3 a5 17. Nf5 Qe6 18. Bb5 Bxe3 19. fxe3 Na7 20. Qxd6 Nxe4 21. Qe7 Qxe7 22. Nxe7+ Kh8 23. Be2 Rbd8 24. Rad1 f6 25. Nd5 Nc8 26. Nc7 Nc5 27. b3 Ne7 28. Bg4 h6 29. h4 Kh7 30. h5 f5 31. Rxd8 Rxd8 32. Bxf5+ Nxf5 33. Rxf5 Rd2 34. Rf2 Rd7 35. Nb5 g6 36. Rf6 Rd1+ 37. Kh2 gxh5 38. Nd6 1/2-1/2

[Event "GER-ch44 V08 email"]
[Site "GER email"]
[Date "2012.04.25"]
[Round "?"]
[White "Pasierb, Siegmund"]
[Black "Kregelin, Jan"]
[Result "1/2-1/2"]
[WhiteElo "2218"]
[BlackElo "2103"]
[PlyCount "122"]
[EventDate "2012.04.30"]
[EventType "tourn (corr)"]
[EventRounds "12"]
[EventCountry "GER"]
[SourceTitle "Corr 2015"]
[Source "ChessBase"]
[SourceDate "2015.07.17"]
[SourceVersion "1"]
[SourceVersionDate "2015.07.17"]
[SourceQuality "1"]

1. e4 c5 2. Nf3 d6 3. d4 cxd4 4. Nxd4 Nf6 5. Nc3 a6 6. Be3 e6 7. f3 b5 8. Qd2 Nbd7 9. g4 h6 10. 0-0-0 Bb7 11. h4 b4 12. Na4 Qa5 13. b3 Nc5 14. a3 Nxa4 15. axb4 Qc7 16. bxa4 d5 17. e5 Nd7 18. f4 Nb6 19. Rh3 Nxa4 20. Bf2 Be7 21. f5 Bc8 22. Rf3 Rb8 23. Rb3 Rb6 24. Bd3 Bd7 25. Be3 Qb8 26. fxe6 fxe6 27. Bg6+ Kd8 28. Nf5 Rxb4 29. Nd6 Bxd6 30. exd6 a5 31. Bf4 Qb6 32. Rxb4 axb4 33. Qd4 Rg8 34. Be5 Be8 35. h5 Kd7 36. Bxe8+ Kxe8 37. Qd3 Nc3 38. Rf1 Ne4 39. Qf3 Qa7 40. Qf4 Nc3 41. Bxc3 bxc3 42. Kd1 Rh8 43. Ke1 e5 44. Qxe5+ Kd8 45. Qxc3 d4 46. Qf3 Re8+ 47. Kf2 d3+ 48. Kg2 d2 49. Qd3 Qe3 50. Qxe3 Rxe3 51. Rd1 Re4 52. Kf3 Rd4 53. c3 Rd3+ 54. Ke4 Rxd6 55. Ke3 Re6+ 56. Kxd2 Re5 57. Kd3 g6 58. hxg6 Rg5 59. Ke3+ Kc7 60. Kf3 Rxg6 61. c4 Rc6 1/2-1/2

[Event "GER-ch44 V08 email"]
[Site "GER email"]
[Date "2012.04.25"]
[Round "?"]
[White "Pasierb, Siegmund"]
[Black "Schmidt, Volkmar"]
[Result "1-0"]
[WhiteElo "2218"]
[BlackElo "2155"]
[PlyCount "79"]
[EventDate "2012.04.30"]
[EventType "tourn (corr)"]
[EventRounds "12"]
[EventCountry "GER"]
[SourceTitle "Corr 2015"]
[Source "ChessBase"]
[SourceDate "2015.07.17"]
[SourceVersion "1"]
[SourceVersionDate "2015.07.17"]
[SourceQuality "1"]

1. e4 c5 2. Nf3 Nc6 3. d4 cxd4 4. Nxd4 Nf6 5. Nc3 e5 6. Ndb5 d6 7. Bg5 a6 8. Na3 b5 9. Nd5 Be7 10. Bxf6 Bxf6 11. c3 0-0 12. Nc2 Bg5 13. a4 bxa4 14. Rxa4 a5 15. Bc4 Rb8 16. Ra2 Kh8 17. Nce3 g6 18. h4 Bxh4 19. g3 Bg5 20. f4 exf4 21. gxf4 Bh4+ 22. Kf1 f5 23. b4 fxe4 24. Rah2 g5 25. Ke2 Rf7 26. b5 Qf8 27. bxc6 Rb2+ 28. Kf1 Rxf4+ 29. Kg1 Bf2+ 30. Rxf2 Rfxf2 31. Qd4+ Qg7 32. Qxe4 Rf7 33. Bd3 a4 34. Nc4 Bf5 35. Qe3 Bxd3 36. Nxb2 Ba6 37. Nxa4 Qg6 38. c4 Qf5 39. Kh2 Bxc4 40. Nab6 1-0

[Event "Hannover Region-ch"]
[Site "Hannover"]
[Date "2009.02.14"]
[Round "4"]
[White "Seidler, Stefan"]
[Black "Pasierb, Siegmund"]
[Result "1/2-1/2"]
[WhiteElo "2019"]
[BlackElo "1849"]
[PlyCount "109"]
[EventDate "2009.01.10"]
[EventType "swiss"]
[EventRounds "7"]
[EventCountry "GER"]
[SourceTitle "EXT 2021"]
[Source "ChessBase"]
[SourceDate "2020.10.23"]
[SourceVersion "1"]
[SourceVersionDate "2020.10.23"]
[SourceQuality "1"]

1. e4 d5 2. Nc3 dxe4 3. Nxe4 Qd5 4. Ng3 Nc6 5. Nf3 e5 6. d3 Be6 7. c3 f5 8. Ng5 Nf6 9. Nxe6 Qxe6 10. Qb3 Qxb3 11. axb3 g6 12. b4 a6 13. b5 Ne7 14. bxa6 Rxa6 15. Rxa6 bxa6 16. Be2 h5 17. h3 Ned5 18. Nf1 Bc5 19. Ne3 Nxe3 20. Bxe3 Bxe3 21. fxe3 Ke7 22. Kd2 Rb8 23. Rb1 c5 24. g3 h4 25. gxh4 Rh8 26. Ra1 Ra8 27. Bf3 Ra7 28. Rg1 Kf7 29. h5 Nxh5 30. Bxh5 gxh5 31. Rg5 Kf6 32. Rxh5 Kg6 33. Rh8 Rc7 34. Kc2 Kg7 35. Ra8 Rc6 36. Re8 Kf6 37. h4 f4 38. exf4 exf4 39. Rf8+ Ke5 40. h5 Rh6 41. Rc8 Kd6 42. Rg8 Rxh5 43. Rg6+ Ke5 44. Rxa6 Rh2+ 45. Kb3 f3 46. Ra8 Kf4 47. Kc4 Rxb2 48. Kxc5 Ke3 49. d4 f2 50. Rf8 Rb1 51. d5 f1Q 52. Rxf1 Rxf1 53. d6 Ke4 54. d7 Rd1 55. Kc6 1/2-1/2

[Event "Hannover Region-ch"]
[Site "Hannover"]
[Date "2009.02.07"]
[Round "3"]
[White "Pasierb, Siegmund"]
[Black "Schatzke, Peter"]
[Result "1-0"]
[WhiteElo "1849"]
[BlackElo "1567"]
[PlyCount "85"]
[EventDate "2009.01.10"]
[EventType "swiss"]
[EventRounds "7"]
[EventCountry "GER"]
[SourceTitle "EXT 2021"]
[Source "ChessBase"]
[SourceDate "2020.10.23"]
[SourceVersion "1"]
[SourceVersionDate "2020.10.23"]
[SourceQuality "1"]

1. d4 Nf6 2. Nf3 g6 3. Bg5 Bg7 4. Nbd2 d6 5. e4 0-0 6. Bc4 c5 7. c3 Nc6 8. dxc5 dxc5 9. h3 Qc7 10. 0-0 e5 11. Re1 Re8 12. a4 a6 13. Qc2 Be6 14. Bxe6 Rxe6 15. Rad1 Rd6 16. Nc4 Rxd1 17. Rxd1 Ne8 18. Ne3 Qc8 19. Nd5 Rb8 20. Nb6 Qc7 21. Nd7 Rc8 22. Nxc5 Nd4 23. cxd4 exd4 24. Nxd4 Qxc5 25. Qxc5 Rxc5 26. Be3 Re5 27. f3 Re7 28. Kf2 Rd7 29. Ke2 Nc7 30. b3 Ne6 31. Nxe6 Rxd1 32. Kxd1 fxe6 33. Kd2 Kf7 34. Kd3 Ke7 35. Bd4 e5 36. Bc3 Kd6 37. Kc4 Kc6 38. f4 Kd6 39. b4 Bf6 40. b5 axb5+ 41. Kxb5 Kd7 42. Bxe5 Bh4 43. f5 1-0

[Event "GER-ch39 V08 email"]
[Site "GER email"]
[Date "2008.10.10"]
[Round "?"]
[White "Pasierb, Siegmund"]
[Black "Steinbrueck, Wolfgang"]
[Result "1-0"]
[WhiteElo "2206"]
[BlackElo "2144"]
[PlyCount "87"]
[EventDate "2007.??.??"]
[EventType "tourn (corr)"]
[EventRounds "10"]
[EventCountry "GER"]
[SourceTitle "Corr 2011"]
[Source "ChessBase"]
[SourceDate "2010.08.31"]
[SourceVersion "1"]
[SourceVersionDate "2010.08.31"]
[SourceQuality "1"]

1. d4 Nf6 2. Bg5 d5 3. Bxf6 exf6 4. e3 Be6 5. Nd2 c5 6. c3 Nc6 7. dxc5 Bxc5 8. Nb3 Bd6 9. Nd4 Qb6 10. Nxe6 fxe6 11. Qb3 Qc7 12. Nf3 0-0 13. 0-0-0 f5 14. Kb1 Rab8 15. Nd4 Nxd4 16. cxd4 b5 17. Rc1 Qb7 18. Bd3 a5 19. Qc2 b4 20. Qa4 f4 21. Qc6 b3 22. a3 Rfd8 23. Qxb7 Rxb7 24. exf4 Bxf4 25. Rc6 Re7 26. g3 Bb8 27. f4 g5 28. fxg5 Ba7 29. Ra6 Bxd4 30. Rxa5 Rb8 31. Rf1 Be3 32. h4 Rc7 33. Rb5 Rxb5 34. Bxb5 Rf7 35. Rxf7 Kxf7 36. Ba4 Bf2 37. Bxb3 Bxg3 38. h5 Kg7 39. Bc2 Bf4 40. g6 hxg6 41. Bxg6 e5 42. a4 e4 43. Kc2 Bd6 44. Kb3 1-0

[Event "GER Testturnier-012 email"]
[Site "GER email"]
[Date "2008.??.??"]
[Round "?"]
[White "Bellmann, Herbert"]
[Black "Pasierb, Siegmund"]
[Result "1/2-1/2"]
[WhiteElo "2252"]
[BlackElo "2209"]
[PlyCount "25"]
[EventDate "2008.09.17"]
[EventType "tourn (corr)"]
[EventRounds "6"]
[EventCountry "GER"]
[SourceTitle "Corr 2011"]
[Source "ChessBase"]
[SourceDate "2010.08.31"]
[SourceVersion "1"]
[SourceVersionDate "2010.08.31"]
[SourceQuality "1"]

1. d4 f5 2. g3 Nf6 3. Bg2 e6 4. Nf3 d5 5. c4 c6 6. Nbd2 Bd6 7. 0-0 0-0 8. Ne5 b6 9. Ndf3 Bb7 10. Qb3 Ne4 11. Nd3 Nd7 12. cxd5 exd5 13. Bf4 1/2-1/2

[Event "GER-ch39 V08 email"]
[Site "GER email"]
[Date "2007.04.15"]
[Round "?"]
[White "Mehlhorn, Uwe"]
[Black "Pasierb, Siegmund"]
[Result "1/2-1/2"]
[WhiteElo "2201"]
[BlackElo "2206"]
[PlyCount "58"]
[EventDate "2007.??.??"]
[EventType "tourn (corr)"]
[EventRounds "10"]
[EventCountry "GER"]
[SourceTitle "Corr 2011"]
[Source "ChessBase"]
[SourceDate "2010.08.31"]
[SourceVersion "1"]
[SourceVersionDate "2010.08.31"]
[SourceQuality "1"]

1. e4 e6 2. d4 d5 3. Nc3 Nf6 4. Bg5 Bb4 5. exd5 Qxd5 6. Bxf6 Bxc3+ 7. bxc3 gxf6 8. Qd2 c5 9. Nf3 Bd7 10. Be2 Rg8 11. 0-0 Qf5 12. Nh4 Qg5 13. Qxg5 fxg5 14. Nf3 cxd4 15. cxd4 Nc6 16. c3 0-0-0 17. Rfe1 g4 18. Nd2 Ne7 19. Nc4 Bb5 20. Nb6+ axb6 21. Bxb5 Kb8 22. Rab1 Rd6 23. Rb3 Rc8 24. Re3 Nd5 25. Rg3 h5 26. h3 Nf6 27. Be2 Ne4 28. Re3 Nf6 29. Rg3 Ne4 1/2-1/2

[Event "GER-ch39 V08 email"]
[Site "GER email"]
[Date "2007.04.15"]
[Round "?"]
[White "Wolf, Wolfgang"]
[Black "Pasierb, Siegmund"]
[Result "1/2-1/2"]
[WhiteElo "2285"]
[BlackElo "2206"]
[PlyCount "55"]
[EventDate "2007.??.??"]
[EventType "tourn (corr)"]
[EventRounds "10"]
[EventCountry "GER"]
[SourceTitle "Corr 2011"]
[Source "ChessBase"]
[SourceDate "2010.08.31"]
[SourceVersion "1"]
[SourceVersionDate "2010.08.31"]
[SourceQuality "1"]

1. e4 e6 2. d4 d5 3. Nc3 Nf6 4. e5 Nfd7 5. f4 c5 6. Nf3 Nc6 7. Be3 cxd4 8. Nxd4 Bc5 9. Qd2 0-0 10. 0-0-0 a6 11. h4 Nxd4 12. Bxd4 b5 13. Rh3 b4 14. Na4 Bxd4 15. Qxd4 a5 16. Bb5 Rb8 17. Bd3 Qc7 18. Re1 Qc6 19. b3 Ba6 20. Bxa6 Qxa6 21. Rg3 Rbc8 22. f5 Qc6 23. Re2 Kh8 24. h5 Rg8 25. Rge3 Nc5 26. Nxc5 Qxc5 27. Qxc5 Rxc5 28. g4 1/2-1/2